00765nam a2200193 a 4500003000200000005001700002008004100019050002900060100002700089245008900116260009300205300004600298504004300344650003300387650004400420650003300464650003400497650004000531020250306141636.0090707s19uu xx 00 eng d aPGS LC 146.6b.F453 2009 aField, Dorothy Anne D. aPrimary factors that make students lose interest in school /cDorothy Anne D. Field. aLas Piñas City, Philippines : bSouthville International School and Colleges, c2009. a67 pages : billustrations ; c28 cm.  aIncludes bibliographical references.  aDropoutsvEducationvCauses. aStudent motivationvEducational impact. aSchool attendancevBarriers. aDisengaged youthvEducation.  aEducational attainmentvChallenges.